Antologia de Casablanca

Сохранить в:
Библиографические подробности
Главный автор: Ruiz Tagle, Carlos (Автор)
Соавтор: Ilustre Municipalidad de Casablanca (Автор)
Формат:
Язык:испанский
Опубликовано: Santiago Antártica S.A. 1982
Редактирование:1a. ed
Предметы:
Метки: Добавить метку
Нет меток, Требуется 1-ая метка записи!

MARC

LEADER 00000nam a2200000 a 4500
001 UCJ5781
003 CL-VaPUC
008 070124e19820000CL |||||||||||||||||spa|d
082 0 4 |a 983  |b RUI  |2 21 
100 0 |a Ruiz Tagle, Carlos  |e author  |9 511531 
110 2 |a Ilustre Municipalidad de Casablanca  |e author  |9 511532 
245 1 0 |a Antologia de Casablanca 
250 |a 1a. ed 
300 |a 144 p 
942 |c BK 
945 |d 20070124 00:00:00  |a rinostro 
260 |a Santiago  |b Antártica S.A.  |c 1982 
500 |a Fotografías antiguas y actuales de Casablanca 
600 0 7 |a RAMON, JOSE ARMANDO DE  |2 CL-VaPUC  |9 511533 
600 0 7 |a ORTIZ DE ROZAS, DOMINGO  |2 CL-VaPUC  |9 511534 
600 0 7 |a VANCOUVER, JORGE  |2 CL-VaPUC  |9 507932 
600 0 7 |a GALAZ, ALEJANDRO  |2 CL-VaPUC  |9 511535 
600 0 |a Montt Torres, Manuel,  |d 1809-1880  |9 313788 
650 0 |a Historia de Chile  |9 265473 
650 0 |a Historia local  |9 266584 
650 0 |a Ciudades  |9 265474 
650 0 |a Presidentes de Chile  |9 268293 
650 0 |a Iglesia Católica  |9 256114 
650 7 |a GORDON, ARTURO  |2 CL-VaPUC  |9 511536 
650 7 |a BIOGRAFIA  |2 CL-VaPUC  |9 504622 
650 0 |a Ilustraciones  |9 369481 
650 7 |a SANTUARIOS CATOLICOS  |2 CL-VaPUC  |9 511537 
650 7 |a TEMPLOS  |2 CL-VaPUC  |9 266644 
650 0 |a Pintores   |9 265963 
651 7 |a CASABLANCA  |2 CL-VaPUC  |9 511538 
651 7 |a QUINTAY  |2 CL-VaPUC  |9 511539 
651 7 |a LO VASQUEZ  |2 CL-VaPUC  |9 511540 
583 |a last modification  |c 20070124 00:00:00  |k Rodrigo Vera 
999 |c 321890  |d 321888 
952 |0 0  |1 0  |4 0  |6 983_000000000000000_RUI_1982  |7 0  |8 X  |9 400768  |a FDOBUD  |b FDOBUD  |d 2019-11-22  |i 1039512  |o 983 RUI 1982  |p 1039512  |r 2019-11-22  |w 2019-11-22  |y BK_X  |k BUD